al-Baṭal ʻUthmān ʻAbd al-Ḥafīẓ. (Record no. 46635)

MARC details
000 -LEADER
fixed length control field 00594cam a22002171 4500
001 - CONTROL NUMBER
control field ne 64000221
003 - CONTROL NUMBER IDENTIFIER
control field DLC
005 - DATE AND TIME OF LATEST TRANSACTION
control field 20260227111755.0
008 - FIXED-LENGTH DATA ELEMENTS--GENERAL INFORMATION
fixed length control field 881206s1958 xx ac 000 0 arar
010 ## - LIBRARY OF CONGRESS CONTROL NUMBER
LC control number ne 64000221
035 ## - SYSTEM CONTROL NUMBER
System control number (OCoLC)23514473
040 ## - CATALOGING SOURCE
Original cataloging agency DLC
Transcribing agency MiU
Modifying agency DLC
042 ## - AUTHENTICATION CODE
Authentication code premarc
050 00 - LIBRARY OF CONGRESS CALL NUMBER
Classification number GV697.A2
Item number H3
100 1# - MAIN ENTRY--PERSONAL NAME
Personal name Ḥāfiẓ, Abū al-Ḥajjāj.
245 13 - TITLE STATEMENT
Title al-Baṭal ʻUthmān ʻAbd al-Ḥafīẓ.
260 ## - PUBLICATION, DISTRIBUTION, ETC.
Place of publication, distribution, etc. [n. p.]
Date of publication, distribution, etc. [1958?]
300 ## - PHYSICAL DESCRIPTION
Extent 173 p.
Other physical details illus., ports.
Dimensions 20 cm.
500 ## - GENERAL NOTE
General note Romanized.
600 10 - SUBJECT ADDED ENTRY--PERSONAL NAME
Personal name ʻAbd al-Ḥafīẓ, ʻUthmān,
Dates associated with a name 1917-1958.

No items available.

Powered by Koha